000
00319nam a2200133Ia 4500
008
151213s9999 xx 000 0 und d
245
_a
SAS Procedure Guide Version - 6
250
_a
3rd
260
_a
Cary Ne.USA
_b
SAS Institute
_c
1995
300
_a
3111 p.
650
_a
Computer
650
_a
Computer
999
_c
2136
_d
2136